Narratives of Indian cinema (Record no. 52653)
[ view plain ]
| 000 -LEADER | |
|---|---|
| fixed length control field | 01901nam a22003257a 4500 |
| 005 - DATE AND TIME OF LATEST TRANSACTION | |
| control field | 20110601102447.0 |
| 010 ## - LCCN (DPL NO) | |
| LC control number | ENG-102529 B-454597-598 |
| 020 ## - INTERNATIONAL STANDARD BOOK NUMBER | |
| International Standard Book Number | 9788190891844 |
| Terms of availability | 900.00 |
| 035 ## - SYSTEM CONTROL NUMBER | |
| System control number | EN-86062 B-454597-598 |
| 037 ## - SOURCE OF ACQUISITION | |
| Source of stock number/acquisition | DBAD / PUB |
| 037 ## - SOURCE OF ACQUISITION | |
| Source of stock number/acquisition | Blue Berry/Ven |
| 082 ## - DEWEY DECIMAL CLASSIFICATION NUMBER | |
| Classification number | 791.430954 |
| 245 ## - TITLE STATEMENT | |
| Title | Narratives of Indian cinema |
| Statement of responsibility, etc | edited by Manju Jain |
| 260 ## - PUBLICATION, DISTRIBUTION, ETC. (IMPRINT) | |
| Place of publication, distribution, etc | Delhi |
| Name of publisher, distributor, etc | Primus Books |
| Date of publication, distribution, etc | 2009 |
| 270 ## - ADDRESS | |
| Address | Virat Bhavan, Mukherjee Nagar Commercial Complex |
| City | Delhi |
| Postal code | 110009 |
| 300 ## - PHYSICAL DESCRIPTION | |
| Extent | xx,274p. : |
| Dimensions | 26cm (Hb) |
| Other physical details | ill. |
| 500 ## - GENERAL NOTE | |
| General note | Includes bibliographical references and index |
| 505 ## - FORMATTED CONTENTS NOTE | |
| Formatted contents note | pt. 1. Writing cinema the colonial to the global -- pt. 2. Fractured polities -- pt. 3. Negotiating identities -- pt. 4. Literary and cinematic imaginaries. |
| 520 ## - SUMMARY, ETC. | |
| Summary, etc | Most of the papers presented at the seminar on ’Reflexions : Film, Literature and Culture, held at Delhi in March 2004. |
| 650 ## - SUBJECT ADDED ENTRY--TOPICAL TERM | |
| Topical term or geographic name as entry element | Motion pictures |
| Form subdivision | Congresses |
| General subdivision | History |
| Geographic subdivision | India |
| 650 ## - SUBJECT ADDED ENTRY--TOPICAL TERM | |
| Topical term or geographic name as entry element | Motion pictures |
| Form subdivision | Congresses |
| General subdivision | Social aspects |
| Geographic subdivision | India |
| 650 ## - SUBJECT ADDED ENTRY--TOPICAL TERM | |
| Topical term or geographic name as entry element | Popular culture |
| Form subdivision | Congresses. |
| Geographic subdivision | India |
| 650 ## - SUBJECT ADDED ENTRY--TOPICAL TERM | |
| Topical term or geographic name as entry element | Film adaptations |
| Form subdivision | Congresses. |
| 700 ## - ADDED ENTRY--PERSONAL NAME | |
| 9 (RLIN) | 27415 |
| Personal name | Jain, Manju. |
| 942 ## - ADDED ENTRY ELEMENTS (KOHA) | |
| Institution code [OBSOLETE] | dpl |
| Item type | English Books |
| Source of classification or shelving scheme | Dewey Decimal Classification |
| Call number suffix | NAR |
| Classification part | 791.430954 |
| Withdrawn status | Lost status | Not for loan | Collection code | Home library | Current library | Date acquired | Source of acquisition | Cost, normal purchase price | Full call number | Barcode | Copy number | Cost, replacement price | Koha item type |
|---|---|---|---|---|---|---|---|---|---|---|---|---|---|
| Non-fiction | Central Library | Central Library | 01/08/2012 | Blue Berry/7232/09.11.2011/06/15.09.2011/30.11.2011 | 900.00 | 791.430954 NAR | B-454597 | 1 | 900.00 | English Books | |||
| Not For Loan | Non-fiction | D.B.Act.Division | D.B.Act.Division | 01/06/2011 | DBAD/PUB | 900.00 | 791.430954 NAR | EN-86062 | 1 | 900.00 | English Books | ||
| Non-fiction | Sarojini Nagar | Sarojini Nagar | 01/08/2012 | Blue Berry/7232/09.11.2011/06/15.09.2011/30.11.2011 | 900.00 | 791.430954 NAR | B-454598 | 1 | 900.00 | English Books |
